00412nam a2200109 4500082002200000245008800022260004800110300000800158942000700166999001500173952011400188 a539.7 REPb007587 aReport of the Committee of Inquiry on the Generation of Electric Power in Sri Lanka bNational Science Council of Sri Lankac1982 a107 cBK c5059d5059 0010708NFICaMLCampusbMLCampuscGENd2024-06-15l0o539.7 REPp007587r2024-06-15 15:56:37w2024-06-15yBK